| 000 | 00770nam a2200265Ia 4500 | ||
|---|---|---|---|
| 003 | OSt | ||
| 005 | 20221005061036.0 | ||
| 006 | a|||||r|||| 00| 0 | ||
| 007 | ta | ||
| 008 | 221004b |||||||| |||| 00| 0 eng d | ||
| 020 |
_a9780415837804 (pbk) _cIndian Rupees 1150 |
||
| 024 | _a43960 | ||
| 037 |
_bGift, 30/05/2019, _cTextual |
||
| 040 |
_aCRL _cCRL _beng |
||
| 041 |
_2eng _aeng |
||
| 082 | _aY:393, Q4 | ||
| 100 |
_aFinnegan Ruth Au. _9600122 |
||
| 245 | 0 |
_aCommunicating _b the multiple modes of human communication |
|
| 250 | _a2nd | ||
| 260 |
_aLondon _bRoutledge UK _c2014 |
||
| 300 |
_axxiii,336p. _ccm. |
||
| 650 | _aCOMMUNICATION | ||
| 942 |
_hY:393, Q4 _cTEXL _2cc |
||
| 999 |
_c967605 _d967605 |
||